000 00483nam a22001097a 4500
999 _c23712
_d23712
003 NUST
005 20170606122548.0
008 140101b xxu||||| |||| 00| 0 eng d
020 _a0131474634
_cAvailable
040 _aDLC
_bDLC
_cRCMS
082 _a670.4 PRA
_b002516
100 _aBiren Prasad
_92068
245 _aConcurrent Engineering Fundamentals Integrated Product and Process Organization Vol-1
_cPrasad Biren
260 _aNew Jersey
_bPrentice-Hall
_cc1996
300 _axxix,478,p:
_bill:
_c22,cm.
440 _aPrentice Hall International Series in Industrial and Systems Engineering
_92069
500 _aIncludes bibliographical reference and index.
538 _iShelf No 1 Row No 3
651 _x1. Production engineering. 2. Concurrent engineering. 2.Design
_92070
856 _3Table of Content Only
942 _2ddc
_cBK